Debu merah

Bibliographic Details
Main Author: RADZI Sayed
Format: Book
Published: Petaling Jaya : Ar Comunications , 1994

MARC

LEADER 00000cam a2200000 7i4500
001 0000001911
002 000002075
005 20000330.0
020 |a 9839874241 
090 0 0 |a F   |b RAD 
100 0 |a RADZI Sayed 
245 1 0 |a Debu merah   |c Radzi Sayed 
260 |a Petaling Jaya :   |b Ar Comunications ,   |c 1994 
300 |a 207p. :   |b ill ;   |c 18cm. 
999 |a 035043   |b BUKU   |c FICTION   |e PERPUSTAKAAN KOMUNITI PETALING JAYA 
999 |a 035044   |b BUKU   |c FICTION   |e PERPUSTAKAAN KOMUNITI PETALING JAYA